[Event "Montreal Pere Noel op"]
[Site "Montreal"]
[Date "2023.12.30"]
[Round "4"]
[White "Gueorguiev, Valentin"]
[Black "Batorshyn, Ilia"]
[Result "0-1"]
[WhiteElo "1919"]
[BlackElo "1988"]
[PlyCount "74"]
[EventDate "2023.12.27"]
[EventType "swiss"]
[EventRounds "5"]
[EventCountry "CAN"]
[SourceTitle "CB02_2024"]
[SourceDate "2024.01.10"]
[SourceVersion "1"]
[SourceVersionDate "2024.01.10"]
[SourceQuality "1"]

1. d4 Nf6 2. Nf3 d5 3. Bf4 c5 4. e3 Nc6 5. Nbd2 cxd4 6. exd4 Bg4 7. c3 e6 8. Bd3 Bd6 9. Bg3 0-0 10. 0-0 Bxg3 11. fxg3 e5 12. dxe5 Nxe5 13. Be2 Qb6+ 14. Kh1 Bxf3 15. Nxf3 Neg4 16. Qd4 Qxb2 17. Nd2 Nf2+ 18. Rxf2 Qxa1+ 19. Rf1 Qb2 20. Rxf6 gxf6 21. h3 Rfc8 22. Qg4+ Kf8 23. Nf1 Qxc3 24. Qh5 Qe5 25. Qh6+ Ke7 26. Qd2 Rc3 27. Kh2 Rg8 28. Bf3 h6 29. Qf2 h5 30. h4 Rgc8 31. Qd2 R8c4 32. Kh3 Qf5+ 33. Kh2 Rxf3 34. Qe2+ Kf8 35. gxf3 Rc2 36. Nd2 Qe5 37. Qd3 Qc3 0-1

[Event "Quebec op"]
[Site "Montreal"]
[Date "2023.08.03"]
[Round "7"]
[White "Deboosere, Adam Moussa"]
[Black "Gueorguiev, Valentin"]
[Result "1-0"]
[WhiteElo "1745"]
[BlackElo "1917"]
[PlyCount "107"]
[EventDate "2023.07.29"]
[EventType "swiss"]
[EventRounds "9"]
[EventCountry "CAN"]
[SourceTitle "CBM 215 Extra"]
[Source "ChessBase"]
[SourceDate "2023.09.30"]
[SourceVersion "1"]
[SourceVersionDate "2023.09.30"]
[SourceQuality "1"]

1. c4 c5 2. g3 g6 3. Bg2 Bg7 4. Nc3 Nc6 5. a3 e6 6. b4 cxb4 7. axb4 Nxb4 8. Ba3 Nc6 9. Nb5 Nge7 10. Nd6+ Kf8 11. Ra2 Kg8 12. e4 Rb8 13. Nh3 h6 14. 0-0 b6 15. Qf3 Ne5 16. Qe2 Rh7 17. d4 N5c6 18. d5 Nd4 19. Qd3 b5 20. cxb5 a6 21. bxa6 Qb6 22. Nxc8 Nxc8 23. Kh1 Rh8 24. Rb2 Nb5 25. Rb3 Nca7 26. Rfb1 Kh7 27. Bf1 exd5 28. Qxd5 Qxa6 29. Bc5 Qa4 30. Bxb5 Rxb5 31. Rxb5 Nxb5 32. Re1 Nc3 33. Qxf7 Nxe4 34. Be7 Qc6 35. Kg1 Nd2 36. Rd1 Nf3+ 37. Kg2 Ne5+ 38. Qd5 Qc2 39. Rd2 Qc3 40. Nf4 Re8 41. Bd6 Ng4 42. Qd3 Qf6 43. h3 Ne5 44. Bxe5 Rxe5 45. Qxd7 Re7 46. Qd3 Qc6+ 47. Qd5 Qc3 48. Ra2 Re5 49. Qb7 h5 50. Ra7 Re1 51. h4 Qd4 52. Nh3 Re2 53. Ra8 Rb2 54. Ng5+ 1-0

[Event "Montreal Pere Noel"]
[Site "Montreal"]
[Date "2017.12.27"]
[Round "1.3"]
[White "Gueorguiev, Valentin"]
[Black "Yu, Zong Yang"]
[Result "0-1"]
[WhiteElo "1980"]
[BlackElo "2484"]
[PlyCount "96"]
[EventDate "2017.12.27"]
[EventType "swiss"]
[EventRounds "5"]
[EventCountry "CAN"]
[SourceTitle "EXT 2022"]
[Source "ChessBase"]
[SourceDate "2021.10.06"]
[SourceVersion "1"]
[SourceVersionDate "2021.10.06"]
[SourceQuality "1"]

1. c4 g6 2. g3 Bg7 3. Bg2 Nf6 4. Nf3 d6 5. 0-0 Nc6 6. b3 a6 7. Bb2 Rb8 8. d4 0-0 9. d5 Na5 10. Nbd2 c5 11. e4 e5 12. dxe6 Bxe6 13. Ng5 Bd7 14. Nh3 Nc6 15. Nf4 Re8 16. Nd5 Nxd5 17. Bxg7 Ne3 18. fxe3 Kxg7 19. Qc2 Qe7 20. Rad1 Bg4 21. Rde1 b5 22. Rf4 Ne5 23. Qc3 Be6 24. Nf3 f6 25. cxb5 Nf7 26. Nd2 axb5 27. Ref1 Ne5 28. Rxf6 Qxf6 29. Rxf6 Kxf6 30. Nf3 Bd7 31. Nxe5 Rxe5 32. Qa5 Ke7 33. Qa7 Rd8 34. Qb7 c4 35. bxc4 bxc4 36. Bf1 Rb5 37. Qa7 Rb1 38. Kg2 c3 39. Qd4 Rf8 40. Bd3 Rb2+ 41. Kg1 Bh3 42. Qa7+ Ke6 43. Bc4+ Kf6 44. e5+ dxe5 45. e4 Rb1+ 46. Kf2 c2 47. Qxh7 Kg5+ 48. Bf7 Rxf7+ 0-1

[Event "Montreal McGill Cup"]
[Site "Montreal"]
[Date "2016.05.01"]
[Round "4"]
[White "Gauthier, Denis"]
[Black "Gueorguiev, Valentin"]
[Result "0-1"]
[WhiteElo "1849"]
[BlackElo "1933"]
[PlyCount "106"]
[EventDate "2016.04.29"]
[EventType "swiss"]
[EventRounds "5"]
[EventCountry "CAN"]
[SourceTitle "CBM 172 Extra"]
[Source "ChessBase"]
[SourceDate "2016.06.21"]
[SourceVersion "1"]
[SourceVersionDate "2016.06.21"]
[SourceQuality "1"]

1. d4 g6 2. c4 Bg7 3. Nc3 c5 4. d5 d6 5. e4 Qa5 6. Bd2 Qb6 7. Bd3 Na6 8. Nge2 Nf6 9. 0-0 Bg4 10. f3 Bd7 11. a3 0-0 12. Qc2 Nb4 13. axb4 cxb4+ 14. Kh1 bxc3 15. Bxc3 a6 16. Bd4 Qb4 17. Ra3 Nh5 18. Rb3 Qa5 19. Bxg7 Kxg7 20. Rxb7 Qd8 21. Qc3+ Kg8 22. c5 dxc5 23. Qxc5 a5 24. Rc1 Rc8 25. Qa7 Rxc1+ 26. Nxc1 Ba4 27. b3 Be8 28. Rxe7 Qd6 29. Qc7 Qb4 30. g3 Qe1+ 31. Kg2 Qd2+ 32. Kh3 Qh6 33. Kg2 Qd2+ 34. Kh3 Qh6 35. Kg2 Qd2+ 36. Be2 Bb5 37. Kf1 Qd1+ 38. Kf2 Qd4+ 39. Ke1 Qg1+ 40. Kd2 Qxh2 41. Qc5 Bxe2 42. Nxe2 Nxg3 43. Qc4 a4 44. e5 axb3 45. Rb7 Nf1+ 46. Ke1 Ne3 47. Qe4 Qh1+ 48. Kd2 Ng2 49. Rxb3 Qe1+ 50. Kc2 Rc8+ 51. Nc3 Qf1 52. d6 Ne1+ 53. Kb2 Nd3+ 0-1

[Event "Elite-ch POM"]
[Site "Montreal"]
[Date "2013.10.12"]
[Round "3"]
[White "Yu, Zong Yang"]
[Black "Gueorguiev, Valentin"]
[Result "1-0"]
[WhiteElo "2071"]
[BlackElo "1872"]
[PlyCount "115"]
[EventDate "2013.10.11"]
[EventType "swiss"]
[EventRounds "7"]
[EventCountry "CAN"]
[SourceTitle "EXT 2022"]
[Source "ChessBase"]
[SourceDate "2021.10.06"]
[SourceVersion "1"]
[SourceVersionDate "2021.10.06"]
[SourceQuality "1"]

1. d4 g6 2. c4 Bg7 3. Nf3 c5 4. e4 Nc6 5. dxc5 Qa5+ 6. Nbd2 Qxc5 7. Nb3 Qb6 8. Be3 Qb4+ 9. Bd2 Qb6 10. c5 Qc7 11. Qc2 Nf6 12. Bc3 0-0 13. Be2 b6 14. Rc1 bxc5 15. Nxc5 d6 16. Nb3 Bb7 17. 0-0 Rac8 18. Nbd2 Qd7 19. Bb5 a6 20. Ba4 Qg4 21. Qd3 Nh5 22. Qe3 Ne5 23. Nxe5 dxe5 24. Bd1 Qf4 25. Qa7 Ba8 26. Bxh5 gxh5 27. Rcd1 Bf6 28. Qxa6 Kh8 29. Qe2 h4 30. Qf3 Qg5 31. Kh1 Rg8 32. h3 Bb7 33. Rg1 Rc7 34. Nf1 Rc4 35. Re1 Qg6 36. Nd2 Rc5 37. Qe3 Rcc8 38. Nf3 Qh5 39. Qe2 Rc7 40. Qb5 Qg6 41. Bxe5 Bc6 42. Qa5 Rb7 43. Qc3 Bd7 44. Nxh4 Qh6 45. Nf5 Bxf5 46. exf5 Qg5 47. g4 Kg7 48. f4 Qh4 49. Re3 h6 50. g5 Bxe5 51. Qxe5+ Kh7 52. f6 Qf2 53. Qe4+ Kh8 54. Re2 Qb6 55. fxe7 Re8 56. Qe5+ Kh7 57. gxh6 Qxh6 58. Qe4+ 1-0

[Event "Montreal Pere Noel"]
[Site "Montreal"]
[Date "2012.12.30"]
[Round "5.8"]
[White "Gueorguiev, Valentin"]
[Black "Moore, Ronald"]
[Result "0-1"]
[WhiteElo "1946"]
[BlackElo "1673"]
[PlyCount "84"]
[EventDate "2012.12.26"]
[EventType "swiss"]
[EventRounds "5"]
[EventCountry "CAN"]
[SourceTitle "EXT 2022"]
[Source "ChessBase"]
[SourceDate "2021.10.06"]
[SourceVersion "1"]
[SourceVersionDate "2021.10.06"]
[SourceQuality "1"]

1. d4 f5 2. g3 Nf6 3. Bg2 d5 4. c4 e6 5. Nc3 c6 6. Nf3 Bd6 7. Qb3 0-0 8. 0-0 Qe8 9. Bg5 Nbd7 10. Rad1 h6 11. Bxf6 Nxf6 12. a4 Qh5 13. a5 g5 14. cxd5 exd5 15. Rfe1 Kg7 16. a6 Rb8 17. axb7 Rxb7 18. Qa4 Bd7 19. Qa6 Rc7 20. Qa5 Rb7 21. Qa6 Rc7 22. Rc1 Bc8 23. Qa4 f4 24. Ne5 fxg3 25. hxg3 Bxe5 26. dxe5 Ng4 27. Nd1 Qh2+ 28. Kf1 Qxg3 29. Qd4 Rf4 30. e6+ Kg8 31. e7 Rxe7 32. Rxc6 Ne3+ 33. Qxe3 Rxe3 34. Rxc8+ Kg7 35. Kg1 Qh4 36. Rc7+ Kf6 37. Rxa7 Rb3 38. Ra6+ Ke5 39. Rf1 d4 40. Ra4 Rg4 41. f3 Rf4 42. Ra5+ Kd6 0-1

[Event "Quebec-ch classe"]
[Site "Montreal"]
[Date "2012.01.22"]
[Round "5"]
[White "Gueorguiev, Valentin"]
[Black "Poulin, Mathieu"]
[Result "0-1"]
[WhiteElo "1988"]
[BlackElo "2023"]
[PlyCount "116"]
[EventDate "2012.01.20"]
[EventType "swiss"]
[EventRounds "5"]
[EventCountry "CAN"]
[SourceTitle "EXT 2022"]
[Source "ChessBase"]
[SourceDate "2021.10.06"]
[SourceVersion "1"]
[SourceVersionDate "2021.10.06"]
[SourceQuality "1"]

1. Nf3 d5 2. g3 Nf6 3. Bg2 c5 4. 0-0 Nc6 5. b3 e5 6. d3 Be7 7. Bb2 Qc7 8. Nbd2 0-0 9. Re1 Rb8 10. a4 Ne8 11. e4 d4 12. Nc4 Be6 13. Nfd2 b6 14. Rf1 a6 15. f4 exf4 16. gxf4 b5 17. axb5 axb5 18. Na3 f5 19. e5 g5 20. Qf3 Nd8 21. Rae1 Qa5 22. Ndb1 g4 23. Qf2 Nc7 24. c3 dxc3 25. Bxc3 b4 26. Bd2 Bxb3 27. Nc4 Qa6 28. Rc1 Nde6 29. Be3 Rbd8 30. Qe2 Ba4 31. Nbd2 Bc6 32. Ra1 Bxg2 33. Rxa6 Bxf1 34. Qxf1 Nxa6 35. Nb3 Nac7 36. Qe2 Nd5 37. Qf2 Nxe3 38. Qxe3 Nd4 39. Nxd4 Rxd4 40. Na5 Rc8 41. Kg2 Rd5 42. h3 h5 43. hxg4 hxg4 44. Kf1 Kf7 45. Nc4 Rb8 46. Ke2 Rh8 47. Nb6 Rd4 48. e6+ Kg6 49. Qe5 Rh2+ 50. Ke3 Rh3+ 51. Ke2 Rhxd3 52. Qc7 Rd2+ 53. Kf1 Rd1+ 54. Ke2 R4d2+ 55. Ke3 Rd3+ 56. Ke2 R1d2+ 57. Kf1 Rb3 58. Ke1 Rh2 0-1

[Event "Quebec-ch classe"]
[Site "Montreal"]
[Date "2012.01.21"]
[Round "3"]
[White "Kraiouchkine, Nikita"]
[Black "Gueorguiev, Valentin"]
[Result "1-0"]
[WhiteElo "2331"]
[BlackElo "1988"]
[PlyCount "55"]
[EventDate "2012.01.20"]
[EventType "swiss"]
[EventRounds "5"]
[EventCountry "CAN"]
[SourceTitle "EXT 2022"]
[Source "ChessBase"]
[SourceDate "2021.10.06"]
[SourceVersion "1"]
[SourceVersionDate "2021.10.06"]
[SourceQuality "1"]

1. e4 g6 2. d4 Bg7 3. Nc3 d6 4. Be3 Nf6 5. f3 a6 6. Qd2 Nc6 7. 0-0-0 b5 8. Bh6 Bxh6 9. Qxh6 e5 10. Nge2 exd4 11. Nd5 Nxd5 12. exd5 Ne7 13. Nxd4 Bb7 14. Qg7 Rf8 15. Re1 Bxd5 16. c4 bxc4 17. Bxc4 Kd7 18. Bxd5 Nxd5 19. Ne6 Qb8 20. Nxf8+ Qxf8 21. Qxh7 Nf4 22. Kb1 Nd3 23. Re3 Nf4 24. Rhe1 Nd5 25. Qh3+ Kc6 26. Rc1+ Kb7 27. Qd7 Qh6 28. Rb3+ 1-0

[Event "Quebec-ch classe"]
[Site "Montreal"]
[Date "2012.01.20"]
[Round "1"]
[White "Gueorguiev, Valentin"]
[Black "Libersan, Thierry"]
[Result "1-0"]
[WhiteElo "1988"]
[BlackElo "2118"]
[PlyCount "187"]
[EventDate "2012.01.20"]
[EventType "swiss"]
[EventRounds "5"]
[EventCountry "CAN"]
[SourceTitle "EXT 2022"]
[Source "ChessBase"]
[SourceDate "2021.10.06"]
[SourceVersion "1"]
[SourceVersionDate "2021.10.06"]
[SourceQuality "1"]

1. Nf3 c5 2. g3 b6 3. Bg2 Bb7 4. 0-0 Nf6 5. c4 g6 6. b3 Bg7 7. Bb2 0-0 8. d4 cxd4 9. Qxd4 Nc6 10. Qf4 d6 11. Nc3 Nd7 12. Rfd1 a6 13. Rab1 Nce5 14. Nd5 Bxd5 15. Rxd5 b5 16. Nxe5 Nxe5 17. c5 Rc8 18. cxd6 exd6 19. Qd2 Qe7 20. Rxd6 Rfd8 21. Rxd8+ Rxd8 22. Qc2 Qd6 23. Qe4 f5 24. Qf4 h6 25. h3 a5 26. Bf1 b4 27. e4 fxe4 28. Qxe4 Kh7 29. h4 Qd5 30. Bg2 Qxe4 31. Bxe4 h5 32. Bc1 Rd1+ 33. Kg2 Re1 34. Be3 Re2 35. Rd1 Ng4 36. Kf3 Rxa2 37. Bb6 Rb2 38. Bd5 Bc3 39. Be6 Ne5+ 40. Kg2 Kg7 41. Bxa5 Kf6 42. Bd5 Ng4 43. Bb6 Re2 44. Bc4 Rb2 45. Rd6+ Kg7 46. Rd7+ Kh8 47. Re7 Rd2 48. Bc5 Ra2 49. Re8+ Kh7 50. Re7+ Kh8 51. Re6 Kg7 52. Bd3 Ne5 53. Be4 Re2 54. Bxb4 Bxb4 55. Rxe5 Kf6 56. Re8 Bc5 57. Kh3 Bxf2 58. Bxg6 Rb2 59. Bxh5 Bxg3 60. Kxg3 Rxb3+ 61. Bf3 Rb4 62. Rc8 Rd4 63. Rc6+ Kg7 64. h5 Rb4 65. Bg4 Rb2 66. Kf4 Rb4+ 67. Kg5 Rb5+ 68. Bf5 Rb8 69. Rc7+ Kh8 70. Kh6 Re8 71. Bg6 Rf8 72. Be4 Rf6+ 73. Kg5 Rf8 74. Kg6 Rg8+ 75. Kh6 Rg7 76. Rc6 Rh7+ 77. Kg5 Rg7+ 78. Bg6 Rg8 79. h6 Rb8 80. Re6 Ra8 81. Re7 Ra5+ 82. Bf5 Ra8 83. Kg6 Rg8+ 84. Rg7 Re8 85. Rh7+ Kg8 86. Bd7 Re1 87. Bf5 Re8 88. Rd7 Kh8 89. Kg5 Ra8 90. Re7 Rg8+ 91. Bg6 Rb8 92. Bf7 Rb6 93. Re8+ Kh7 94. Bg8+ 1-0

[Event "Montreal Mini-COQ"]
[Site "Montreal"]
[Date "2011.07.24"]
[Round "2.31"]
[White "Gueorguiev, Valentin"]
[Black "Brunet, Guy"]
[Result "1/2-1/2"]
[WhiteElo "2040"]
[BlackElo "1534"]
[PlyCount "148"]
[EventDate "2011.07.23"]
[EventType "swiss"]
[EventRounds "4"]
[EventCountry "CAN"]
[SourceTitle "EXT 2022"]
[Source "ChessBase"]
[SourceDate "2021.10.06"]
[SourceVersion "1"]
[SourceVersionDate "2021.10.06"]
[SourceQuality "1"]

1. Nf3 d5 2. g3 Nf6 3. Bg2 Bg4 4. h3 Bxf3 5. Bxf3 e6 6. c4 c6 7. b3 Be7 8. Bb2 Nbd7 9. 0-0 0-0 10. d4 Re8 11. Nc3 Rc8 12. e4 dxe4 13. Nxe4 Nxe4 14. Bxe4 Bf6 15. Qc2 h6 16. Rad1 Qc7 17. f4 c5 18. dxc5 Qxc5+ 19. Kh2 Qc7 20. Ba3 Be7 21. Bxe7 Rxe7 22. f5 exf5 23. Bxf5 Rce8 24. Rf2 Nf6 25. Bd3 Re3 26. Rg2 Re1 27. Rxe1 Rxe1 28. Qf2 Qa5 29. Qf3 Re7 30. Qf4 Qe5 31. Qh4 Qd6 32. Bc2 b6 33. Rf2 Qe5 34. Rd2 Rd7 35. Rg2 Qg5 36. Qxg5 hxg5 37. Bf5 Re7 38. Rd2 g6 39. Bc2 Kg7 40. Kg2 Nd7 41. Kf2 Ne5 42. Rd5 Kf6 43. a3 Rd7 44. Rxd7 Nxd7 45. Ke3 Ke5 46. b4 f5 47. Ba4 Nf6 48. c5 bxc5 49. bxc5 Nd5+ 50. Kf3 Nc7 51. Bb3 Nb5 52. Bf7 Nxa3 53. Bxg6 Nb5 54. h4 gxh4 55. gxh4 a5 56. h5 a4 57. h6 Kf6 58. h7 Kg7 59. Kf4 a3 60. Bf7 Kxh7 61. Kxf5 Kg7 62. Bc4 Kf8 63. Ke6 a2 64. Bxa2 Ke8 65. Bc4 Nc7+ 66. Kd6 Kd8 67. Kc6 Kc8 68. Bd3 Ne8 69. Kb6 Kb8 70. Be4 Nc7 71. c6 Na8+ 72. Kc5 Kc7 73. Bd3 Nb6 74. Bb5 Nc8 1/2-1/2

[Event "Montreal Pere Noel op"]
[Site "Montreal"]
[Date "2010.12.26"]
[Round "1"]
[White "Gueorguiev, Valentin"]
[Black "Larochelle, Martial"]
[Result "1-0"]
[WhiteElo "1856"]
[BlackElo "2206"]
[PlyCount "61"]
[EventDate "2010.12.26"]
[EventType "swiss"]
[EventRounds "5"]
[EventCountry "CAN"]
[SourceTitle "EXT 2013"]
[Source "ChessBase"]
[SourceDate "2012.11.22"]
[SourceVersion "1"]
[SourceVersionDate "2012.11.22"]
[SourceQuality "1"]

1. Nf3 f5 2. c4 Nf6 3. g3 g6 4. Bg2 Bg7 5. 0-0 0-0 6. Nc3 d6 7. d3 Nc6 8. Rb1 Nh5 9. Ng5 e6 10. f4 h6 11. Nf3 e5 12. e3 Be6 13. Bd2 Qd7 14. b4 e4 15. Nh4 Ne7 16. dxe4 Bxc4 17. Re1 Nf6 18. exf5 c6 19. Qc2 gxf5 20. Bh3 Be6 21. Ne2 Ne4 22. Nd4 Bxd4 23. exd4 Nd5 24. Nxf5 Nxd2 25. Nxh6+ Kh8 26. Rxe6 Nf3+ 27. Kh1 Nxd4 28. Qb2 Qg7 29. Rxd6 Rae8 30. Nf7+ Qxf7 31. Qxd4+ 1-0

[Event "Montreal Pere Noel op"]
[Site "Montreal"]
[Date "2009.12.27"]
[Round "2"]
[White "Luo, Zhao Yang"]
[Black "Gueorguiev, Valentin"]
[Result "1-0"]
[WhiteElo "2012"]
[BlackElo "1704"]
[PlyCount "102"]
[EventDate "2009.12.26"]
[EventType "swiss"]
[EventRounds "5"]
[EventCountry "CAN"]
[SourceTitle "EXT 2011"]
[Source "ChessBase"]
[SourceDate "2010.11.26"]
[SourceVersion "1"]
[SourceVersionDate "2010.11.26"]
[SourceQuality "1"]

1. d4 g6 2. c4 Bg7 3. Nc3 c5 4. d5 d6 5. e4 Nf6 6. Nf3 0-0 7. Be2 e6 8. 0-0 exd5 9. exd5 a6 10. Bg5 h6 11. Bh4 g5 12. Bg3 Nh5 13. Qc2 Nxg3 14. hxg3 Nd7 15. Bd3 Ne5 16. Nxe5 Bxe5 17. Ne2 Qf6 18. Rab1 Bg4 19. f3 Bd7 20. b3 Rab8 21. Rbd1 b5 22. f4 gxf4 23. gxf4 Bd4+ 24. Nxd4 Qxd4+ 25. Qf2 Qxf2+ 26. Rxf2 Rfe8 27. Kf1 b4 28. Re1 Kg7 29. Rfe2 Rxe2 30. Rxe2 Re8 31. Rxe8 Bxe8 32. g4 a5 33. Bf5 a4 34. Kg2 axb3 35. axb3 f6 36. Kg3 Bf7 37. Kh4 Kf8 38. g5 hxg5+ 39. fxg5 fxg5+ 40. Kxg5 Ke7 41. Bg6 Bg8 42. Kh6 Kf6 43. Bh5 Ke5 44. Kg7 Bxd5 45. cxd5 Kxd5 46. Kf6 Kd4 47. Ke6 d5 48. Bd1 c4 49. Kd6 c3 50. Bc2 Ke3 51. Kxd5 Ke2 1-0

[Event "Montreal Ahuntsic op"]
[Site "Montreal"]
[Date "2008.11.29"]
[Round "1"]
[White "Hebert, Jean"]
[Black "Gueorguiev, Valentin"]
[Result "1-0"]
[WhiteElo "2424"]
[BlackElo "1757"]
[PlyCount "73"]
[EventDate "2008.11.29"]
[EventType "swiss (rapid)"]
[EventRounds "5"]
[EventCountry "CAN"]
[SourceTitle "EXT 2011"]
[Source "ChessBase"]
[SourceDate "2010.11.26"]
[SourceVersion "1"]
[SourceVersionDate "2010.11.26"]
[SourceQuality "1"]

1. Nf3 g6 2. e4 Bg7 3. d4 c5 4. d5 d6 5. c4 Nf6 6. Nc3 a6 7. h3 b6 8. Bd3 Ra7 9. 0-0 0-0 10. Bf4 Nh5 11. Bh2 Nd7 12. g4 Nhf6 13. Re1 Ne8 14. Bf1 Rb7 15. a4 Ne5 16. Nd2 f6 17. f4 Nf7 18. Nf3 Bd7 19. Qd2 Nc7 20. e5 fxe5 21. fxe5 dxe5 22. Nxe5 Nxe5 23. Bxe5 Ne8 24. Qg5 Nf6 25. Bg2 Bc8 26. Re2 Ra7 27. Rae1 Bb7 28. Qe3 Ba8 29. a5 Rd7 30. Na4 Rd6 31. axb6 Rxb6 32. Nxb6 Qxb6 33. g5 Nh5 34. Bxg7 Kxg7 35. Qxe7+ Kg8 36. Qxf8+ Kxf8 37. Re8+ 1-0

[Event "Quebec op U2400"]
[Site "Montreal"]
[Date "2008.07.22"]
[Round "4"]
[White "Gueorguiev, Valentin"]
[Black "Fareh, Youness"]
[Result "1/2-1/2"]
[WhiteElo "1653"]
[BlackElo "2178"]
[PlyCount "95"]
[EventDate "2008.07.19"]
[EventType "swiss"]
[EventRounds "9"]
[EventCountry "CAN"]
[SourceTitle "EXT 2011"]
[Source "ChessBase"]
[SourceDate "2010.11.26"]
[SourceVersion "1"]
[SourceVersionDate "2010.11.26"]
[SourceQuality "1"]

1. c4 Nf6 2. g3 g6 3. Bg2 Bg7 4. Nc3 c6 5. Nf3 0-0 6. 0-0 d5 7. cxd5 cxd5 8. d4 Nc6 9. Bf4 Bf5 10. Rc1 Rc8 11. Ne5 Ne4 12. Nxe4 Bxe4 13. Nxc6 Rxc6 14. Rxc6 bxc6 15. Bh3 Qb6 16. Be3 Qxb2 17. Bd7 Qb7 18. Bh3 Bf5 19. Bxf5 gxf5 20. Qc2 e6 21. Rb1 Qa6 22. h4 Rc8 23. h5 h6 24. Qd2 Kh7 25. Qc2 Rg8 26. Kf1 Bf6 27. Rc1 Qb6 28. Qa4 Rc8 29. Rc2 Bg5 30. f4 Bf6 31. Rc1 a6 32. Kf2 Be7 33. Qc2 Bf6 34. Qa4 Qb5 35. Qc2 Kh8 36. Rb1 Qa5 37. Rb7 Kg8 38. a4 c5 39. dxc5 d4 40. Bd2 Qxc5 41. Qxc5 Rxc5 42. Rb6 Rc2 43. Ke1 a5 44. Rb5 Ra2 45. Rxa5 Ra1+ 46. Kf2 Ra2 47. Ke1 Ra1+ 48. Kf2 1/2-1/2

[Event "Quebec op U2400"]
[Site "Montreal"]
[Date "2008.07.21"]
[Round "3"]
[White "Gueorguiev, Valentin"]
[Black "Gordon, David"]
[Result "1/2-1/2"]
[WhiteElo "1653"]
[BlackElo "2236"]
[PlyCount "146"]
[EventDate "2008.07.19"]
[EventType "swiss"]
[EventRounds "9"]
[EventCountry "CAN"]
[SourceTitle "EXT 2011"]
[Source "ChessBase"]
[SourceDate "2010.11.26"]
[SourceVersion "1"]
[SourceVersionDate "2010.11.26"]
[SourceQuality "1"]

1. c4 b6 2. Nf3 Bb7 3. b3 Nf6 4. Bb2 e6 5. d3 d5 6. Nbd2 Nbd7 7. g3 c5 8. cxd5 exd5 9. d4 Bd6 10. Bg2 0-0 11. 0-0 Rc8 12. Rc1 a5 13. a4 Re8 14. Nh4 Ba6 15. Re1 cxd4 16. Rxc8 Qxc8 17. Bxd4 Bb4 18. Bh3 Ne4 19. Nxe4 Rxe4 20. e3 Bxe1 21. Qxe1 Qe8 22. Nf5 Qe6 23. f3 Ne5 24. Kg2 Nxf3 25. Kxf3 Rxd4 26. Nxd4 Qxh3 27. Qf2 Bd3 28. Qg1 h5 29. Kf2 Be4 30. Ke1 Qc8 31. Qf1 Qc3+ 32. Kf2 Bd3 33. Qe1 Qb2+ 34. Kg1 g5 35. Qd1 Be4 36. Qe2 Qc1+ 37. Kf2 g4 38. Qe1 Qc5 39. Qd2 Qe7 40. Ke1 h4 41. gxh4 Qxh4+ 42. Qf2 Qg5 43. Qg3 Qg6 44. Qe5 Kh7 45. Qg3 Kg7 46. Qc7 Qf6 47. Qg3 Qg6 48. Qc7 Kh6 49. Qg3 Kh5 50. Ne2 Qg5 51. Nf4+ Kh6 52. Ne2 Bf3 53. Nf4 Qf6 54. Kf1 Qa1+ 55. Qe1 Qxe1+ 56. Kxe1 Kg5 57. Kf2 Kf5 58. h3 gxh3 59. Kxf3 h2 60. Kg2 Ke4 61. Kxh2 d4 62. Kg2 f5 63. Kf2 dxe3+ 64. Kg3 Kd4 65. Kf3 Kc3 66. Nd5+ Kxb3 67. Nxb6 f4 68. Ke2 Kb4 69. Nd5+ Kxa4 70. Nxf4 Kb3 71. Nd3 Kc3 72. Nc5 Kc4 73. Kxe3 Kxc5 1/2-1/2